RESEAECH IN PSYCHOLOGY METHODS AND DESIGN (Record no. 5719)

MARC details
000 -LEADER
fixed length control field 00428nam a22001817a 4500
003 - CONTROL NUMBER IDENTIFIER
control field OSt
005 - DATE AND TIME OF LATEST TRANSACTION
control field 20210922092018.0
008 - FIXED-LENGTH DATA ELEMENTS--GENERAL INFORMATION
fixed length control field 210922b |||||||| |||| 00| 0 eng d
020 ## - INTERNATIONAL STANDARD BOOK NUMBER
International Standard Book Number 0471450081
040 ## - CATALOGING SOURCE
Transcribing agency HU
082 ## - DEWEY DECIMAL CLASSIFICATION NUMBER
Classification number 150.72/GOO
100 ## - MAIN ENTRY--PERSONAL NAME
Personal name C.JAMES GOODWIN
9 (RLIN) 5874
245 ## - TITLE STATEMENT
Title RESEAECH IN PSYCHOLOGY METHODS AND DESIGN
250 ## - EDITION STATEMENT
Edition statement 4TH
260 ## - PUBLICATION, DISTRIBUTION, ETC.
Place of publication, distribution, etc. AMERICA
Name of publisher, distributor, etc. WILEY
Date of publication, distribution, etc. 2005
300 ## - PHYSICAL DESCRIPTION
Extent 556P
942 ## - ADDED ENTRY ELEMENTS (KOHA)
Source of classification or shelving scheme Dewey Decimal Classification
Koha item type Books like text book referance book
Suppress in OPAC No
Holdings
Withdrawn status Lost status Source of classification or shelving scheme Damaged status Not for loan Home library Current library Shelving location Date acquired Total Checkouts Full call number Barcode Date last seen Copy number Price effective from Koha item type
    Dewey Decimal Classification     Social Library Social Library General Stacks 09/22/2021   150.72/GOO SHLIB00009913 09/22/2021 1 09/22/2021 Books like text book referance book
    Dewey Decimal Classification     Social Library Social Library General Stacks 09/22/2021   150.72/GOO SHLIB00009850 09/22/2021 2 09/22/2021 Books like text book referance book